[Event "SM-2022-0-00463"]
[Site "LSS email"]
[Date "2022.03.15"]
[Round "?"]
[White "Martucci, Massimo"]
[Black "Willmann, Bernd"]
[Result "1-0"]
[WhiteElo "2270"]
[BlackElo "2346"]
[PlyCount "53"]
[EventDate "2022.01.21"]
[EventType "tourn (corr)"]
[EventRounds "6"]
[EventCountry "GER"]
[SourceTitle "Corr 2024"]
[Source "ChessBase"]
[SourceDate "2023.10.19"]
[SourceVersion "1"]
[SourceVersionDate "2023.10.19"]
[SourceQuality "1"]

1. e4 c5 2. Nf3 d6 3. d4 cxd4 4. Nxd4 Nf6 5. Nc3 a6 6. Be3 e5 7. Nb3 Be6 8. f3 Be7 9. Qd2 Nbd7 10. g4 0-0 11. 0-0-0 b5 12. g5 Nh5 13. Nd5 Bxd5 14. exd5 f6 15. gxf6 Bxf6 16. Na5 Qe8 17. Bh3 Kh8 18. Be6 Nf4 19. Kb1 Be7 20. h4 Rf6 21. h5 h6 22. Bg4 Bd8 23. a3 Nb6 24. Bxf4 Rxf4 25. Rhe1 Bg5 26. Qc3 Na4 27. Qc6 1-0

[Event "SM-2022-0-00463"]
[Site "LSS email"]
[Date "2022.03.14"]
[Round "?"]
[White "Kazimierski, Tomasz"]
[Black "Martucci, Massimo"]
[Result "1/2-1/2"]
[WhiteElo "2210"]
[BlackElo "2270"]
[PlyCount "57"]
[EventDate "2022.01.21"]
[EventType "tourn (corr)"]
[EventRounds "6"]
[EventCountry "GER"]
[SourceTitle "Corr 2024"]
[Source "ChessBase"]
[SourceDate "2023.10.19"]
[SourceVersion "1"]
[SourceVersionDate "2023.10.19"]
[SourceQuality "1"]

1. e4 c5 2. Nc3 d6 3. Nge2 Nf6 4. d4 cxd4 5. Nxd4 a6 6. Be3 e5 7. Nb3 Be6 8. Be2 Be7 9. 0-0 0-0 10. Bf3 Nbd7 11. a4 Qc7 12. a5 h6 13. h3 Rac8 14. Re1 Rfe8 15. Nd2 Nf8 16. Nf1 Ng6 17. Bb6 Qd7 18. Nd5 Bxd5 19. exd5 Bd8 20. Be3 Nh4 21. Be2 Nf5 22. c4 g6 23. Bd2 Ne4 24. Bb4 b5 25. cxb5 Nxf2 26. Qa4 axb5 27. Qxb5 Qa7 28. Qxe8+ Kg7 29. Ra3 1/2-1/2

[Event "SM-2022-0-00463"]
[Site "LSS email"]
[Date "2022.03.14"]
[Round "?"]
[White "Martucci, Massimo"]
[Black "Ozen, Bahadir"]
[Result "1/2-1/2"]
[WhiteElo "2270"]
[BlackElo "2283"]
[PlyCount "60"]
[EventDate "2022.01.21"]
[EventType "tourn (corr)"]
[EventRounds "6"]
[EventCountry "GER"]
[SourceTitle "Corr 2024"]
[Source "ChessBase"]
[SourceDate "2023.10.19"]
[SourceVersion "1"]
[SourceVersionDate "2023.10.19"]
[SourceQuality "1"]

1. e4 e5 2. Nf3 Nc6 3. Bb5 a6 4. Ba4 Nf6 5. 0-0 Be7 6. Re1 b5 7. Bb3 0-0 8. h3 Bb7 9. d3 d5 10. exd5 Nxd5 11. Nxe5 Nxe5 12. Rxe5 Qd6 13. Re1 Rae8 14. Nd2 c5 15. Ne4 Qc6 16. c4 Nb6 17. f3 Bh4 18. Rf1 Qc7 19. cxb5 axb5 20. a4 c4 21. dxc4 bxa4 22. Qd6 Qc8 23. Qxb6 Bxe4 24. fxe4 axb3 25. Qd4 Re6 26. e5 Be7 27. Be3 Qc7 28. Rf3 h6 29. Bf2 Rd8 30. Qc3 Qxe5 1/2-1/2

[Event "CP-2019-Q-00007"]
[Site "LSS email"]
[Date "2019.11.27"]
[Round "?"]
[White "Martucci, Massimo"]
[Black "Pech, Stepan"]
[Result "1-0"]
[WhiteElo "2260"]
[BlackElo "1804"]
[PlyCount "77"]
[EventDate "2019.12.01"]
[EventType "tourn (corr)"]
[EventRounds "6"]
[EventCountry "GER"]
[SourceTitle "Corr 2022"]
[Source "ChessBase"]
[SourceDate "2021.10.24"]
[SourceVersion "1"]
[SourceVersionDate "2021.10.24"]
[SourceQuality "1"]

1. e4 e6 2. d4 d5 3. Nc3 Nf6 4. e5 Nfd7 5. f4 c5 6. Nf3 Nc6 7. Be3 a6 8. Qd2 b5 9. a3 Bb7 10. Bd3 Qb6 11. Qf2 g6 12. 0-0 c4 13. Be2 Ne7 14. Nh4 Bg7 15. Bf3 0-0 16. g4 f6 17. g5 f5 18. Rfb1 Bc6 19. Bd2 a5 20. Bd1 Rfb8 21. Ng2 Bf8 22. h4 b4 23. Ne2 Qd8 24. axb4 axb4 25. h5 Qb6 26. Rxa8 Rxa8 27. Qe1 Rb8 28. Kh2 Rb7 29. b3 c3 30. Be3 Bb5 31. Qg1 Ra7 32. Nc1 Qa5 33. Kg3 Nb8 34. Ne1 gxh5 35. Bxh5 Nbc6 36. Kf2 Ng6 37. Be2 Bxe2 38. Nxe2 Be7 39. Rc1 1-0

[Event "CP-2019-S-00001"]
[Site "LSS email"]
[Date "2019.02.09"]
[Round "?"]
[White "Martucci, Massimo"]
[Black "Osipov, AleksNdr"]
[Result "1-0"]
[WhiteElo "2204"]
[BlackElo "2211"]
[PlyCount "39"]
[EventDate "2019.02.15"]
[EventType "tourn (corr)"]
[EventRounds "7"]
[EventCountry "GER"]
[SourceTitle "Corr 2022"]
[Source "ChessBase"]
[SourceDate "2021.10.24"]
[SourceVersion "1"]
[SourceVersionDate "2021.10.24"]
[SourceQuality "1"]

1. e4 c5 2. Nf3 d6 3. Nc3 Nc6 4. d4 cxd4 5. Nxd4 Nf6 6. Bg5 e6 7. Qd2 a6 8. 0-0-0 Bd7 9. f4 Be7 10. Nf3 b5 11. Bxf6 Bxf6 12. Qxd6 Ra7 13. e5 Be7 14. Qd2 Qa5 15. Kb1 Bb4 16. Nd4 Bxc3 17. Qxc3 Qxc3 18. bxc3 Rc7 19. Nxc6 Bxc6 20. h4 1-0

[Event "CP-2019-S-00001"]
[Site "LSS email"]
[Date "2019.02.09"]
[Round "?"]
[White "Nowak, Adam"]
[Black "Martucci, Massimo"]
[Result "1/2-1/2"]
[WhiteElo "2278"]
[BlackElo "2204"]
[PlyCount "72"]
[EventDate "2019.02.15"]
[EventType "tourn (corr)"]
[EventRounds "7"]
[EventCountry "GER"]
[SourceTitle "Corr 2022"]
[Source "ChessBase"]
[SourceDate "2021.10.24"]
[SourceVersion "1"]
[SourceVersionDate "2021.10.24"]
[SourceQuality "1"]

1. e4 e5 2. Nf3 Nc6 3. Bb5 Nf6 4. 0-0 Nxe4 5. d4 Nd6 6. Bxc6 dxc6 7. dxe5 Nf5 8. Qxd8+ Kxd8 9. Nc3 Bd7 10. Rd1 Kc8 11. Ng5 Be8 12. Nge4 b6 13. b3 Be7 14. f3 a5 15. Bb2 Bd7 16. Kf2 h5 17. a4 Nh4 18. Ne2 Bf5 19. Nd4 Bd7 20. Rd2 Ng6 21. Rad1 Rg8 22. Ne2 Be6 23. Nd4 Bd5 24. Re2 Nf4 25. Re3 Ne6 26. Ne2 Rd8 27. N2c3 Kb7 28. Red3 Nf4 29. Rd4 Be6 30. Rxd8 Bxd8 31. Kg3 Nd5 32. Ne2 Ne3 33. Rc1 Bf5 34. Kf2 Nd5 35. Rd1 Be7 36. c4 Nb4 1/2-1/2